| 000 | 00442nam a2200169 a 4500 | ||
|---|---|---|---|
| 001 | 0464 | ||
| 005 | 20140414131847.0 | ||
| 008 | 040117s19uu xx 00 eng d | ||
| 020 | _a0-553-05590-9 | ||
| 050 |
_aER _bW17 v.13 |
||
| 245 | _aWalt Disney's Ferdinand and the bullies. | ||
| 260 |
_aCanada : _bBantam, _c1986. |
||
| 300 | _ap. ; cm. | ||
| 440 | _aFun to read library | ||
| 650 |
_aReading _xJuvenile literature. |
||
| 999 |
_c109982 _d109982 |
||